Movies at the Dinner Table Quiz Stats

 Plays Quiz Updated Sep 24, 2016

Challenge
Share
Tweet
Score 0/25 Timer 07:00
4 Plays Today
% Correct
Lady and the Tramp (1955)
89.9%
Meet the Parents (2000)
88.8%
When Harry Met Sally... (1989)
80.5%
The Hobbit: An Unexpected Journey (2012)
79.1%
Fargo (1996)
78.7%
Fantastic Mr. Fox (2009)
76.7%
E.T. the Extra-Terrestrial (1982)
74.8%
American Beauty (1999)
70.5%
Django Unchained (2012)
69.5%
Goodfellas (1990)
67.3%
Charlie and the Chocolate Factory (2005)
67%
The Wolf of Wall Street (2013)
64.5%
Beetlejuice (1988)
63.5%
% Correct
The Muppet Christmas Carol (1992)
62.4%
Julie & Julia (2009)
57.7%
Se7en (1995)
54.5%
Sleeping Beauty (1959)
47.9%
The Passion of the Christ (2004)
45.3%
Fiddler on the Roof (1971)
43.6%
Road to Perdition (2002)
41%
Doubt (2008)
40.9%
Lars and the Real Girl (2007)
40.2%
The World's End (2013)
29.8%
Super 8 (2011)
27.6%
Being John Malkovich (1999)
25.3%

You're not logged in!

Compare scores with friends on all Sporcle quizzes.
Join for Free
OR
Log In

You Might Also Like...

Show Comments

Extras

Top Quizzes Today


Score Distribution

Your Account Isn't Verified!

In order to create a playlist on Sporcle, you need to verify the email address you used during registration. Go to your Sporcle Settings to finish the process.

Report this User

Report this user for behavior that violates our Community Guidelines.

Details: